| 000 | 00679nam a22002057a 4500 | ||
|---|---|---|---|
| 001 | 000633 | ||
| 003 | DO-SdBNP | ||
| 005 | 20180130104355.0 | ||
| 007 | 000633 | ||
| 008 | 161102b 2006 ck a ||||| |||| 00| 0 spa d | ||
| 020 | _a9789280640946 | ||
| 020 | _a9280640941 | ||
| 040 |
_aBPMSU _bspa _cBPMSU |
||
| 245 | 0 | 0 |
_aManual de los afrodescendientes de las Américas y el Caribe / _c UNICEF, Mundo Afro, Secretaria de Estado de Cooperacion Internacional del Gobierno Español. |
| 260 |
_aBogotá : _bUNICEF, _c2006. |
||
| 300 |
_a127 p. : _bil., mapas ; _c27 cm. |
||
| 942 |
_2ddc _cBK |
||
| 945 | _aInventariado, 2018/MFF | ||
| 956 |
_2LOPEREZ _310 _620161102 _8BPMSU _a00041 |
||
| 999 |
_c11766 _d11766 |
||